Online Catalogue and eLibrary

Women violence and nonviolent change (Record no. 2952)

MARC details
000 -LEADER
fixed length control field 00415nam a2200169Ia 4500
005 - DATE AND TIME OF LATEST TRANSACTION
control field 20240607054547.0
008 - FIXED-LENGTH DATA ELEMENTS--GENERAL INFORMATION
fixed length control field 240331s9999 xx 000 0 und d
020 ## - INTERNATIONAL STANDARD BOOK NUMBER
ISBN 2825411698
082 ## - DDC Classification
Item Number - Author Mark WOM
Class No. 362
245 #0 - TITLE STATEMENT
Title Women violence and nonviolent change
260 ## - PUBLICATION, DISTRIBUTION, ETC.
Place of publication, distribution, etc. Geneva
Name of publisher, distributor, etc. WCC Publications
Date of publication, distribution, etc. 1996
300 ## - PHYSICAL DESCRIPTION
Extent (e.g. Volumes, Pages etc.) xi,146 p.,
650 ## - SUBJECT ADDED ENTRY--TOPICAL TERM
Topical term or geographic name entry element Women
650 ## - SUBJECT ADDED ENTRY--TOPICAL TERM
Topical term or geographic name entry element Violence
700 ## - ADDED ENTRY--PERSONAL NAME
Personal name Gnanadason, A. ed
942 ## - Koha item type (Biblio)
Koha item type Books in Stacks (Lending)
Holdings
Lost status Damaged status Collection code Home library Current library Shelving location Date acquired Full call number Accession Number Item type
    Lending WERC Library WERC Library Social Science Cupboard 03/31/2024 362.8 WOM 2270 Books in Stacks (Lending)

© WERC Library